[Event "L'Open de l'Ouest Toulousain"]
[Site "Villeneuve-Tolosane"]
[Date "2006.02.28"]
[Round "3.9"]
[White "Sakelsek, Tadej"]
[Black "Bouthier, Jacques"]
[Result "1-0"]
[WhiteElo "2418"]
[BlackElo "2004"]
[PlyCount "47"]
[EventDate "2006.??.??"]

1. e4 c5 2. Nf3 Nc6 3. d4 cxd4 4. Nxd4 Nf6 5. Nc3 e5 6. Ndb5 d6 7. Nd5 Nxd5 8.
exd5 Nb8 9. a4 Be7 10. Be3 O-O 11. a5 a6 12. Bb6 axb5 13. Bxd8 Bxd8 14. Bxb5 f5
15. O-O Nd7 16. b4 Nf6 17. c4 Ne4 18. Qc2 Bf6 19. c5 dxc5 20. bxc5 Kh8 21. Bd3
Ng5 22. Bxf5 Bxf5 23. Qxf5 Rad8 24. d6 1-0

[Event "L'Open de l'Ouest Toulousain"]
[Site "Villeneuve-Tolosane"]
[Date "2006.02.28"]
[Round "3.10"]
[White "Zimmerman, Yuri"]
[Black "Domenech, Vianney"]
[Result "1-0"]
[WhiteElo "2379"]
[BlackElo "1812"]
[PlyCount "81"]
[EventDate "2006.??.??"]

1. d4 d5 2. c4 c6 3. Nf3 Nf6 4. e3 a6 5. b3 Bf5 6. Nbd2 e6 7. Be2 Nbd7 8. O-O
Be7 9. Bb2 O-O 10. Nh4 Bg6 11. Nxg6 hxg6 12. Bd3 Kh7 13. Qf3 Rh8 14. e4 Kg8 15.
e5 Nh5 16. cxd5 cxd5 17. Qg4 Bg5 18. Nf3 Nf4 19. Nxg5 Nxd3 20. Ba3 Rh5 21. h4
Qa5 22. Qf3 Qxa3 23. Qxf7+ Kh8 24. Nxe6 Rg8 25. Qxd7 Qb2 26. Qf7 Rxh4 27. Qf3
Re8 28. g3 Rh5 29. Nc7 Rc8 30. Qxd3 Rxc7 31. Qxg6 Rh6 32. Qg4 Rc2 33. Rae1 Rd2
34. Qc8+ Kh7 35. Qf5+ Kg8 36. e6 Rf6 37. Qxd5 Rdxf2 38. e7+ Kh7 39. Qh5+ Rh6
40. Qxh6+ Kxh6 41. Rxf2 1-0

[Event "L'Open de l'Ouest Toulousain"]
[Site "Villeneuve-Tolosane"]
[Date "2006.03.01"]
[Round "4.1"]
[White "Prie, Eric"]
[Black "Abergel, Thal"]
[Result "1/2-1/2"]
[WhiteElo "2467"]
[BlackElo "2426"]
[PlyCount "33"]
[EventDate "2006.??.??"]

1. d4 Nf6 2. Nf3 e6 3. Bg5 h6 4. Bh4 b6 5. e3 Bb7 6. Nbd2 Be7 7. Bd3 c5 8. c3
d6 9. h3 Nbd7 10. Qe2 Nd5 11. Bg3 cxd4 12. exd4 N7f6 13. Bb5+ Kf8 14. Ba6 Bc6
15. Bb5 Bb7 16. Ba6 Bc6 17. Bb5 1/2-1/2

[Event "L'Open de l'Ouest Toulousain"]
[Site "Villeneuve-Tolosane"]
[Date "2006.03.01"]
[Round "4.2"]
[White "Nemeth, Francisc"]
[Black "Manolache, Marius"]
[Result "1/2-1/2"]
[WhiteElo "2431"]
[BlackElo "2488"]
[PlyCount "20"]
[EventDate "2006.??.??"]

1. c4 e6 2. Nc3 Nf6 3. Nf3 Nc6 4. g3 d5 5. cxd5 exd5 6. d4 Ne4 7. Bg2 Bb4 8.
Qb3 O-O 9. O-O a5 10. a3 Bxc3 1/2-1/2

[Event "L'Open de l'Ouest Toulousain"]
[Site "Villeneuve-Tolosane"]
[Date "2006.03.01"]
[Round "4.3"]
[White "Cioara, Andrei Nestor"]
[Black "Zimmerman, Yuri"]
[Result "1/2-1/2"]
[WhiteElo "2440"]
[BlackElo "2379"]
[PlyCount "41"]
[EventDate "2006.??.??"]

1. e4 d6 2. d4 Nf6 3. Nc3 g6 4. g3 Bg7 5. Bg2 O-O 6. Nge2 e5 7. h3 Nc6 8. Be3
exd4 9. Nxd4 Bd7 10. O-O Re8 11. Re1 a6 12. a4 Qc8 13. Kh2 h5 14. Nxc6 Bxc6 15.
Bd4 Qe6 16. Qd3 h4 17. g4 Bh6 18. Kg1 Nd7 19. Be3 Ne5 20. Qe2 g5 21. Nd5
1/2-1/2

[Event "L'Open de l'Ouest Toulousain"]
[Site "Villeneuve-Tolosane"]
[Date "2006.03.01"]
[Round "4.4"]
[White "Nanu, Ciprian-Costica"]
[Black "Sakelsek, Tadej"]
[Result "1/2-1/2"]
[WhiteElo "2436"]
[BlackElo "2418"]
[PlyCount "86"]
[EventDate "2006.??.??"]

1. Nf3 Nf6 2. b3 e6 3. Bb2 Be7 4. e3 c5 5. c4 b6 6. Be2 Bb7 7. O-O O-O 8. Nc3
d5 9. d4 cxd4 10. Nxd4 dxc4 11. Bxc4 Nc6 12. Nxc6 Bxc6 13. Qe2 Qc7 14. Rac1
Rad8 15. Bb5 Bxb5 16. Nxb5 Qb8 17. Nd4 Qb7 18. Nc6 Rc8 19. Nxe7+ Qxe7 20. Qa6
Rxc1 21. Rxc1 Rd8 22. Bxf6 gxf6 23. h3 f5 24. Qa4 e5 25. Qc6 f6 26. Rc4 e4 27.
g4 Kh8 28. gxf5 Qg7+ 29. Kf1 Qh6 30. Qxe4 Qxh3+ 31. Ke2 Qh5+ 32. Qg4 Qh1 33.
Rd4 Rxd4 34. exd4 Qb1 35. d5 Qc2+ 36. Ke3 Qc3+ 37. Ke2 Qe5+ 38. Kf1 Qxd5 39.
Qb4 Kg7 40. Qe7+ Qf7 41. Qe4 Qh5 42. Qe7+ Qf7 43. Qe4 Qh5 1/2-1/2

[Event "L'Open de l'Ouest Toulousain"]
[Site "Villeneuve-Tolosane"]
[Date "2006.03.01"]
[Round "4.5"]
[White "Petrov, Marijan"]
[Black "Sanchez, Joseph"]
[Result "0-1"]
[WhiteElo "2425"]
[BlackElo "2435"]
[PlyCount "98"]
[EventDate "2006.??.??"]

1. e4 c5 2. Nc3 Nc6 3. Nge2 e5 4. Nd5 d6 5. Nec3 Nf6 6. Nxf6+ Qxf6 7. Nd5 Qd8
8. Bc4 Be7 9. O-O O-O 10. a4 Kh8 11. d3 Bg5 12. Qh5 Bxc1 13. Raxc1 f5 14. f4
fxe4 15. f5 Rxf5 16. Rxf5 g6 17. Qe2 gxf5 18. dxe4 Qg5 19. Rf1 f4 20. Nc7 Bg4
21. Qd3 Rd8 22. Ne6 Bxe6 23. Bxe6 Nd4 24. Bd5 f3 25. g3 Rf8 26. Kh1 Qh5 27. Qe3
Nxc2 28. Qf2 Qh3 29. Rg1 Ne3 30. Be6 Qg2+ 31. Rxg2 fxg2+ 32. Kg1 Rxf2 33. Kxf2
Nd1+ 34. Kxg2 Nxb2 35. a5 Kg7 36. Kf3 Kf6 37. Bg8 h6 38. Ke3 b5 39. Kd2 c4 40.
Kc3 Nd3 41. Bd5 Nc5 42. h4 h5 43. Bc6 Ke7 44. Kb4 Na6+ 45. Kc3 Nc7 46. Bb7 d5
47. exd5 Kd6 48. Bc8 Nxd5+ 49. Kd2 Nf6 0-1

[Event "L'Open de l'Ouest Toulousain"]
[Site "Villeneuve-Tolosane"]
[Date "2006.03.01"]
[Round "4.7"]
[White "Fedorchuk, Sergey A"]
[Black "Oussama, Omar"]
[Result "1-0"]
[WhiteElo "2590"]
[BlackElo "2276"]
[PlyCount "41"]
[EventDate "2006.??.??"]

1. e4 d5 2. exd5 Qxd5 3. Nc3 Qe5+ 4. Be2 c6 5. d4 Qc7 6. Nf3 Bf5 7. d5 Nf6 8.
Nd4 Bd7 9. O-O a6 10. Bf3 cxd5 11. Re1 Nc6 12. Bg5 O-O-O 13. Bxf6 exf6 14. Nxd5
Qd6 15. c4 Kb8 16. b4 Nxd4 17. Qxd4 Bc6 18. c5 Qd7 19. Qf4+ Ka7 20. Rad1 Re8
21. Nb6 1-0

[Event "L'Open de l'Ouest Toulousain"]
[Site "Villeneuve-Tolosane"]
[Date "2006.03.01"]
[Round "4.8"]
[White "Sasu-Ducsoara, Andreea-Teodora"]
[Black "Karpatchev, Aleksandr"]
[Result "0-1"]
[WhiteElo "2255"]
[BlackElo "2530"]
[PlyCount "66"]
[EventDate "2006.??.??"]

1. e4 e5 2. Nf3 Nc6 3. Bb5 f5 4. Nc3 fxe4 5. Nxe4 Nf6 6. Qe2 d5 7. Nxf6+ gxf6
8. Nd4 Qd6 9. Qh5+ Kd8 10. Nf5 Bxf5 11. Qxf5 Nd4 12. Qd3 Qb4 13. a4 e4 14. Qh3
c6 15. O-O Nxc2 16. Rb1 cxb5 17. d3 e3 18. fxe3 Be7 19. Qf5 bxa4 20. Qxd5+ Kc7
21. Rf4 Qe1+ 22. Rf1 Nxe3 23. Qxb7+ Kxb7 24. Rxe1 Nd5 25. Ra1 Bc5+ 26. Kf1 Nb6
27. Re4 Rae8 28. Rf4 Re6 29. Bd2 Rd8 30. Rh4 Re7 31. Bc3 Rxd3 32. Re1 Rf7 33.
Re6 a3 0-1

[Event "L'Open de l'Ouest Toulousain"]
[Site "Villeneuve-Tolosane"]
[Date "2006.03.01"]
[Round "4.10"]
[White "Dimitrov, Pavel"]
[Black "Genov, Petar"]
[Result "0-1"]
[WhiteElo "2242"]
[BlackElo "2467"]
[PlyCount "114"]
[EventDate "2006.??.??"]

1. e4 c5 2. Nf3 e6 3. Bc4 a6 4. a4 Nc6 5. Nc3 Nf6 6. O-O d5 7. exd5 exd5 8.
Re1+ Be7 9. Bf1 d4 10. Ne4 O-O 11. d3 Nd5 12. Bg5 f6 13. Bd2 Bg4 14. h3 Bh5 15.
Ng3 Bf7 16. Nh2 Re8 17. Be2 Bf8 18. Bh5 g6 19. Bf3 f5 20. Ne2 Qc7 21. Bxd5 Bxd5
22. Nf4 Bf7 23. Qf3 Nb4 24. c3 Nc6 25. c4 Ne5 26. Qd1 Bd6 27. Nf3 Nxc4 28. Nh5
Nxd2 29. Nf6+ Kh8 30. Rxe8+ Bxe8 31. Qxd2 Bc6 32. Re1 Rf8 33. Re6 Bf4 34. Qe2
Qd8 35. Nxh7 Kxh7 36. Re7+ Kh6 37. Ne5 Qd5 38. Nxc6 bxc6 39. g3 Bg5 40. Ra7 Rf7
41. Rxa6 Re7 42. Qd1 c4 43. h4 Bf6 44. Qc1+ Kg7 45. dxc4 Qf3 46. Ra8 d3 47. Rd8
Re2 48. Rd7+ Kg8 49. Qf1 d2 50. a5 Re1 51. Rxd2 Rxf1+ 52. Kxf1 Qh1+ 53. Ke2
Qe4+ 54. Kf1 Qxc4+ 55. Kg2 Qb5 56. b4 Qxb4 57. Ra2 Qc4 0-1

[Event "L'Open de l'Ouest Toulousain"]
[Site "Villeneuve-Tolosane"]
[Date "2006.03.01"]
[Round "4.11"]
[White "Corke, Anya"]
[Black "Leon Hoyos, Manuel"]
[Result "0-1"]
[WhiteElo "2216"]
[BlackElo "2428"]
[PlyCount "122"]
[EventDate "2006.??.??"]

1. d4 g6 2. e4 Bg7 3. c4 c5 4. d5 d6 5. Nc3 a6 6. Qc2 e6 7. Bd3 Ne7 8. a4 O-O
9. Nf3 Nd7 10. O-O e5 11. a5 h6 12. Bd2 f5 13. Na4 f4 14. Be2 g5 15. Ne1 Qe8
16. Bg4 h5 17. Be6+ Kh8 18. b4 Nf6 19. Bxc8 Rxc8 20. bxc5 dxc5 21. Rb1 Nxe4 22.
Qxe4 Qxa4 23. Nf3 Qd7 24. Nxg5 Qf5 25. Qxf5 Nxf5 26. Rxb7 Nd6 27. Rd7 Nxc4 28.
Bc3 Kg8 29. Rb1 Rfd8 30. Rbb7 Rxd7 31. Rxd7 Rb8 32. h4 Bf6 33. Rc7 Bxg5 34.
hxg5 Rb3 35. d6 Rxc3 36. d7 Rd3 37. Rc8+ Kg7 38. d8=Q Rxd8 39. Rxd8 Nxa5 40.
Ra8 Nc6 41. Rxa6 Nd4 42. f3 c4 43. Ra7+ Kg6 44. Rc7 c3 45. Kf2 c2 46. Rc5 h4
47. Kf1 Kf5 48. Kf2 Ke6 49. Ke1 h3 50. gxh3 Nxf3+ 51. Kf2 Nd4 52. h4 e4 53. h5
e3+ 54. Ke1 f3 55. h6 f2+ 56. Kf1 Nb3 57. Rc6+ Kd5 58. Rxc2 Nd2+ 59. Rxd2+ exd2
60. Kxf2 d1=Q 61. h7 Qc2+ 0-1

[Event "L'Open de l'Ouest Toulousain"]
[Site "Villeneuve-Tolosane"]
[Date "2006.03.01"]
[Round "5.1"]
[White "Sanchez, Joseph"]
[Black "Prie, Eric"]
[Result "0-1"]
[WhiteElo "2435"]
[BlackElo "2467"]
[PlyCount "68"]
[EventDate "2006.??.??"]

1. e4 d5 2. exd5 Qxd5 3. Nc3 Qa5 4. d4 Nf6 5. Bd2 Bg4 6. f3 Bf5 7. g4 Bd7 8.
Bc4 Qb6 9. Nge2 Qc6 10. Bb3 Qxf3 11. Rf1 Qxg4 12. Bf4 e6 13. Bxc7 Na6 14. Be5
Ne4 15. Qd3 Nxc3 16. bxc3 f6 17. Bg3 Ba3 18. Bc4 O-O 19. Rb1 Bc8 20. Rf4 Qg6
21. Qf3 Nc7 22. Rb3 Bd6 23. Rg4 Bxg3+ 24. Nxg3 Qxc2 25. Nf5 Ne8 26. Ne7+ Kh8
27. Rh4 Rf7 28. Bd3 Qc1+ 29. Ke2 g5 30. Rh6 Rxe7 31. Rxf6 e5 32. Rf8+ Kg7 33.
Rh8 exd4+ 34. Kf2 Nf6 0-1

[Event "L'Open de l'Ouest Toulousain"]
[Site "Villeneuve-Tolosane"]
[Date "2006.03.01"]
[Round "5.2"]
[White "Abergel, Thal"]
[Black "Nemeth, Francisc"]
[Result "1/2-1/2"]
[WhiteElo "2426"]
[BlackElo "2431"]
[PlyCount "31"]
[EventDate "2006.??.??"]

1. e4 c5 2. Nf3 d6 3. Bb5+ Bd7 4. Bxd7+ Qxd7 5. c4 Nc6 6. Nc3 Nf6 7. d4 cxd4 8.
Nxd4 g6 9. Nde2 Bg7 10. f3 a6 11. a4 O-O 12. b3 e6 13. Be3 d5 14. cxd5 exd5 15.
exd5 Ne7 16. O-O 1/2-1/2

[Event "L'Open de l'Ouest Toulousain"]
[Site "Villeneuve-Tolosane"]
[Date "2006.03.01"]
[Round "5.3"]
[White "Korneev, Oleg"]
[Black "Sakelsek, Tadej"]
[Result "1-0"]
[WhiteElo "2649"]
[BlackElo "2418"]
[PlyCount "37"]
[EventDate "2006.??.??"]

1. e4 e5 2. Nf3 Nf6 3. d4 Nxe4 4. Bd3 Nc6 5. dxe5 d5 6. exd6 Nxd6 7. Nc3 Be7 8.
Bf4 Be6 9. Qd2 Qd7 10. O-O-O O-O-O 11. Qe3 Bf6 12. Bb5 Bxc3 13. Qxc3 a6 14. Ba4
b5 15. Bxd6 cxd6 16. Ne5 dxe5 17. Rxd7 Kxd7 18. Bb3 Nd4 19. Qc5 1-0

[Event "L'Open de l'Ouest Toulousain"]
[Site "Villeneuve-Tolosane"]
[Date "2006.03.01"]
[Round "5.5"]
[White "Karpatchev, Aleksandr"]
[Black "Sebenik, Matej"]
[Result "1-0"]
[WhiteElo "2530"]
[BlackElo "2416"]
[PlyCount "32"]
[EventDate "2006.??.??"]

1. e4 e6 2. d4 d5 3. Nc3 Bb4 4. exd5 exd5 5. Bd3 c6 6. a3 Bd6 7. Qf3 Qf6 8. Be3
Qxf3 9. Nxf3 Bg4 10. Nh4 Ne7 11. h3 Be6 12. O-O-O f6 13. g4 Nd7 14. Ne2 Bf7 15.
Rde1 O-O-O 16. Bf4 Kc7 {Sonnerie de telephone noirs!} 1-0

[Event "L'Open de l'Ouest Toulousain"]
[Site "Villeneuve-Tolosane"]
[Date "2006.03.01"]
[Round "5.6"]
[White "Manolache, Marius"]
[Black "Brochet, Philippe"]
[Result "1/2-1/2"]
[WhiteElo "2488"]
[BlackElo "2368"]
[PlyCount "195"]
[EventDate "2006.??.??"]

1. d4 d5 2. Nf3 Nf6 3. c4 dxc4 4. e3 Be6 5. a4 c5 6. Na3 Nc6 7. Nxc4 cxd4 8.
exd4 Bd5 9. Be2 g6 10. a5 Bg7 11. a6 bxa6 12. O-O O-O 13. Rxa6 Rc8 14. Nce5 Qc7
15. Bf4 Qb7 16. Qa1 Nh5 17. Be3 Rb8 18. Nxc6 Bxc6 19. b4 Rfc8 20. Ra5 Qxb4 21.
Ne5 Bxe5 22. Rxe5 Bb5 23. Bxb5 Rxb5 24. Qxa7 Rxe5 25. dxe5 Ng7 26. Qd7 Rb8 27.
Rc1 h5 28. h3 Qe4 29. Qxe7 Re8 30. Qd7 Qxe5 31. Bd2 Qe7 32. Qa4 Nf5 33. Bc3 Qe4
34. Qb5 Rc8 35. Re1 Nd6 36. Qg5 Qf5 37. Qe3 Qc5 38. Bd4 Qd5 39. Bb2 Kh7 40. Qf4
Nf5 41. Qg5 Qd8 42. Qf4 Qc7 43. Qe4 Qc6 44. Qe5 Qd6 45. g4 Qxe5 46. Rxe5 hxg4
47. hxg4 Ng7 48. Re7 Kg8 49. Kg2 Rb8 50. Bc3 Rc8 51. Re3 Ne6 52. Kg3 Rd8 53.
Bf6 Rc8 54. f3 Ng7 55. Ra3 Ne8 56. Bb2 Ng7 57. Ra1 Rb8 58. Bf6 Re8 59. Ra3 Re6
60. Ba1 Re8 61. f4 Rb8 62. Ra5 Kh7 63. Kh4 Rc8 64. Ra7 Kg8 65. Be5 Ne6 66. Ra4
g5+ 67. fxg5 Nf8 68. Bf6 Ng6+ 69. Kg3 Re8 70. Rd4 Kf8 71. Kf3 Kg8 72. Rd5 Kf8
73. Bd4 Kg8 74. Bb6 Nh4+ 75. Kf2 Ng6 76. Be3 Kf8 77. Rf5 Re5 78. Bc5+ Kg8 79.
Rxe5 Nxe5 80. Kg3 Kh7 81. Bd6 Nd7 82. Be7 Kg6 83. Kf4 f6 84. Bd8 fxg5+ 85. Ke4
Nc5+ 86. Kd5 Nd3 87. Bb6 Nf4+ 88. Ke4 Nh5 89. Bd4 Nf4 90. Be5 Ne6 91. Kd5 Nf4+
92. Bxf4 gxf4 93. Ke4 Kg5 94. Kf3 Kg6 95. Kf2 Kf6 96. Kg2 Kg6 97. Kf2 Kf6 98.
Kg2 1/2-1/2

[Event "L'Open de l'Ouest Toulousain"]
[Site "Villeneuve-Tolosane"]
[Date "2006.03.01"]
[Round "5.8"]
[White "Miraoui, Karim"]
[Black "Cioara, Andrei Nestor"]
[Result "0-1"]
[WhiteElo "2096"]
[BlackElo "2440"]
[PlyCount "56"]
[EventDate "2006.??.??"]

1. d4 e6 2. c4 Nf6 3. Nc3 Bb4 4. e3 b6 5. Bd3 Bb7 6. f3 c5 7. Nge2 O-O 8. O-O
cxd4 9. exd4 d5 10. cxd5 Nxd5 11. Nxd5 Bxd5 12. Nf4 Bb7 13. Be3 Nc6 14. Be4 Qe7
15. Qe2 Bd6 16. Rad1 Nb4 17. a3 Ba6 18. Qf2 Bxf1 19. Bxa8 Rxa8 20. Kxf1 Bxf4
21. Bxf4 Nd5 22. Bd2 Rc8 23. Rc1 Rxc1+ 24. Bxc1 Qc7 25. Bg5 h6 26. Bd2 Qxh2 27.
Qe2 Qh1+ 28. Kf2 Qh4+ 0-1

[Event "L'Open de l'Ouest Toulousain"]
[Site "Villeneuve-Tolosane"]
[Date "2006.03.01"]
[Round "5.9"]
[White "Maupin, Jean-Paul"]
[Black "Nanu, Ciprian-Costica"]
[Result "0-1"]
[WhiteElo "2078"]
[BlackElo "2436"]
[PlyCount "114"]
[EventDate "2006.??.??"]

1. e4 c6 2. d4 d5 3. Nc3 dxe4 4. Nxe4 Nf6 5. Nxf6+ exf6 6. Bc4 Bd6 7. Ne2 O-O
8. O-O Qc7 9. Ng3 c5 10. dxc5 Bxc5 11. Bd3 Be6 12. Qh5 g6 13. Qh4 Nd7 14. Ne4
Be7 15. Bf4 Qc6 16. Rfe1 Rfe8 17. Qg3 Nc5 18. Nxc5 Bxc5 19. Rad1 Bd5 20. h4 Be4
21. b3 Rad8 22. Re2 Bxd3 23. Rxe8+ Qxe8 24. cxd3 Qe2 25. Rd2 Qe1+ 26. Kh2 h5
27. Qf3 b6 28. Re2 Qc3 29. Rd2 Kg7 30. Be3 Kg8 31. Bf4 Bb4 32. g3 Re8 33. Re2
Rd8 34. Rd2 Kg7 35. Kg2 Rd7 36. Be3 Qc8 37. Re2 Qd8 38. d4 Bc3 39. Qf4 Bxd4 40.
Qh6+ Kg8 41. Bxd4 Rxd4 42. Qe3 Kg7 43. Qe7 Qd5+ 44. f3 Rd3 45. Qe4 Qxe4 46.
fxe4 Kf8 47. Rc2 Re3 48. Rc8+ Kg7 49. Kf2 Rxe4 50. Rc7 a5 51. Rc6 Rb4 52. Ke3
f5 53. Kd3 a4 54. bxa4 Rxa4 55. Rxb6 Rg4 56. Kc3 Rxg3+ 57. Kb2 Rg4 0-1

[Event "L'Open de l'Ouest Toulousain"]
[Site "Villeneuve-Tolosane"]
[Date "2006.03.01"]
[Round "5.10"]
[White "Leon Hoyos, Manuel"]
[Black "Fournier, Camille"]
[Result "1-0"]
[WhiteElo "2428"]
[BlackElo "2064"]
[PlyCount "87"]
[EventDate "2006.??.??"]

1. c4 e6 2. Nf3 Nf6 3. g3 d5 4. Bg2 Be7 5. O-O O-O 6. b3 c5 7. cxd5 Nxd5 8. Bb2
Nc6 9. d4 b6 10. Nc3 Nxc3 11. Bxc3 Bb7 12. Rc1 Rc8 13. Qd2 Nxd4 14. Nxd4 Bxg2
15. Kxg2 cxd4 16. Qxd4 Qxd4 17. Bxd4 Ba3 18. Rxc8 Rxc8 19. Rd1 Rd8 20. Rd3 f6
21. f4 Bc5 22. Bxc5 Rxd3 23. exd3 bxc5 24. Kf3 Kf7 25. Ke4 Ke7 26. f5 Kd6 27.
fxe6 Kxe6 28. d4 Kd6 29. a3 g6 30. g4 Kc6 31. h4 cxd4 32. Kxd4 Kd6 33. b4 Ke6
34. Ke4 Kd6 35. h5 a6 36. Kd4 Kc6 37. Kc4 Kb6 38. Kd5 gxh5 39. gxh5 f5 40. Ke5
Kb5 41. Kxf5 Ka4 42. Kg5 Kxa3 43. Kh6 Kxb4 44. Kxh7 1-0

[Event "L'Open de l'Ouest Toulousain"]
[Site "Villeneuve-Tolosane"]
[Date "2006.03.01"]
[Round "5.11"]
[White "Gregory, Daniel"]
[Black "Marholev, Dimitar"]
[Result "1/2-1/2"]
[WhiteElo "2056"]
[BlackElo "2427"]
[PlyCount "62"]
[EventDate "2006.??.??"]

1. Nf3 Nf6 2. c4 g6 3. d3 Bg7 4. Nbd2 O-O 5. Rb1 d5 6. g3 b6 7. Bg2 Bb7 8. O-O
Nbd7 9. b4 e5 10. cxd5 Bxd5 11. Bb2 Re8 12. a3 Qe7 13. e4 Bb7 14. Rc1 Rec8 15.
Nc4 Ne8 16. Qb3 c5 17. b5 Nd6 18. Nfd2 Nxc4 19. Nxc4 Rd8 20. Qc3 f6 21. Bh3 Nf8
22. Qb3 Kh8 23. Ne3 Bh6 24. Rcd1 Bxe3 25. fxe3 Rd6 26. d4 exd4 27. exd4 Qxe4
28. Kf2 cxd4 29. Rfe1 Qd5 30. Qxd5 Bxd5 31. Rxd4 Rad8 1/2-1/2

[Event "L'Open de l'Ouest Toulousain"]
[Site "Villeneuve-Tolosane"]
[Date "2006.03.02"]
[Round "6.1"]
[White "Prie, Eric"]
[Black "Karpatchev, Aleksandr"]
[Result "1/2-1/2"]
[WhiteElo "2467"]
[BlackElo "2530"]
[PlyCount "89"]
[EventDate "2006.??.??"]

1. d4 d5 2. a3 Nf6 3. Nf3 c6 4. Bf4 Bf5 5. e3 e6 6. c4 Bd6 7. Bxd6 Qxd6 8. Qb3
Qc7 9. Nbd2 Nbd7 10. Rc1 h6 11. Be2 O-O 12. O-O Rfe8 13. Rfe1 Rac8 14. Bd3 Bxd3
15. Qxd3 e5 16. dxe5 Nxe5 17. Nxe5 Qxe5 18. cxd5 Nxd5 19. Nc4 Qc7 20. Qd4 b5
21. Nd2 Nb6 22. Qb4 Na4 23. Rc2 a5 24. Qg4 c5 25. Rec1 Qe7 26. Nb3 Qf6 27. Nxa5
Nxb2 28. Qe2 Qb6 29. Rxb2 Qxa5 30. Qxb5 Qxa3 31. Rbc2 Re6 32. h4 Rec6 33. Rc4
Qd3 34. Qb7 h5 35. Qe7 Qf5 36. e4 Qf4 37. g3 Qc7 38. Qg5 g6 39. Kg2 Qd6 40.
R1c2 Kg7 41. Rd2 Qe6 42. Rd5 Qf6 43. Qe3 Qe7 44. Qd2 R6c7 45. Qc3+ 1/2-1/2

[Event "L'Open de l'Ouest Toulousain"]
[Site "Villeneuve-Tolosane"]
[Date "2006.03.02"]
[Round "6.2"]
[White "Nanu, Ciprian-Costica"]
[Black "Korneev, Oleg"]
[Result "1/2-1/2"]
[WhiteElo "2436"]
[BlackElo "2649"]
[PlyCount "106"]
[EventDate "2006.??.??"]

1. d4 d5 2. c4 e6 3. Nf3 Nf6 4. e3 Be7 5. Nbd2 O-O 6. Be2 b6 7. O-O Bb7 8. b3
Nbd7 9. Bb2 c5 10. Rc1 cxd4 11. Nxd4 Rc8 12. a3 dxc4 13. Nxc4 a6 14. b4 Bd5 15.
Nf3 b5 16. Nce5 Rxc1 17. Qxc1 Qb6 18. Qa1 Nxe5 19. Bxe5 Rc8 20. Rc1 Qb7 21. Ne1
Rxc1 22. Qxc1 Nd7 23. Bb2 f6 24. Bd3 e5 25. Qc2 g6 26. h4 Qc6 27. Qb1 Nf8 28.
e4 Bf7 29. Qc2 Qd7 30. Bc1 Ne6 31. Nf3 Kg7 32. Be3 h6 33. Qd2 h5 34. Bb1 Qxd2
35. Nxd2 Nd8 36. Bc2 Nc6 37. Nb3 Bc4 38. Bb6 f5 39. exf5 gxf5 40. g3 Kf6 41.
Nc5 Nd4 42. Bd1 Be2 43. Nd7+ Ke6 44. Bxd4 Bxd1 45. Nxe5 Kd5 46. Bb2 Bf6 47. f4
Ke4 48. Kf2 Bb3 49. Ke2 Be6 50. Bc1 Bxe5 51. fxe5 Kxe5 52. Kd3 Bc4+ 53. Kc3 Ke4
1/2-1/2

[Event "L'Open de l'Ouest Toulousain"]
[Site "Villeneuve-Tolosane"]
[Date "2006.03.02"]
[Round "6.3"]
[White "Cioara, Andrei Nestor"]
[Black "Abergel, Thal"]
[Result "0-1"]
[WhiteElo "2440"]
[BlackElo "2426"]
[PlyCount "94"]
[EventDate "2006.??.??"]

1. d4 Nf6 2. Nf3 e6 3. g3 b5 4. a4 b4 5. Bg2 d5 6. c4 bxc3 7. bxc3 Ba6 8. O-O
Nbd7 9. Nbd2 c6 10. Re1 Be7 11. e4 O-O 12. Qc2 Rb8 13. c4 dxe4 14. Ne5 Nxe5 15.
dxe5 Ng4 16. Rxe4 Nxe5 17. Bb2 Ng6 18. Rd1 Bf6 19. Ba3 Be7 20. Bb2 Qb6 21. Bc3
Bb4 22. Rb1 Qc5 23. Bd4 Qe7 24. Nb3 c5 25. Ba1 Bb7 26. Re3 Bxg2 27. Kxg2 Qb7+
28. Kg1 Qa6 29. h4 Ne7 30. Qb2 f6 31. Qe2 e5 32. Rd1 Nf5 33. Re4 Qxa4 34. Qf3
Nd4 35. Bxd4 cxd4 36. g4 Bc3 37. Nc5 Qc6 38. Nd3 Qxc4 39. g5 Qd5 40. Qe2 Rbe8
41. f4 Qf7 42. gxf6 exf4 43. fxg7 Kxg7 44. Kh1 f3 45. Rg4+ Kh8 46. Qh2 f2 47.
Rf4 Re1+ 0-1

[Event "L'Open de l'Ouest Toulousain"]
[Site "Villeneuve-Tolosane"]
[Date "2006.03.02"]
[Round "6.4"]
[White "Nemeth, Francisc"]
[Black "Leon Hoyos, Manuel"]
[Result "1/2-1/2"]
[WhiteElo "2431"]
[BlackElo "2428"]
[PlyCount "70"]
[EventDate "2006.??.??"]

1. e4 c5 2. Nf3 Nc6 3. Bb5 Nf6 4. Nc3 Qc7 5. O-O a6 6. Bxc6 dxc6 7. e5 Nd5 8.
Ne4 Bg4 9. Nxc5 e6 10. b4 Nxb4 11. Ne4 Bxf3 12. Qxf3 Nxc2 13. Rb1 O-O-O 14. Bb2
Nd4 15. Qe3 Nf5 16. Qa7 Rd5 17. a4 Be7 18. g4 Nh4 19. Rfc1 Rhd8 20. Ba1 c5 21.
d4 f5 22. exf6 gxf6 23. dxc5 Qc6 24. Bxf6 Rd1+ 25. Rxd1 Rxd1+ 26. Rxd1 Qxe4 27.
Qa8+ Kc7 28. Bxh4 Bxh4 29. Qg8 Bxf2+ 30. Kxf2 Qf4+ 31. Kg2 Qe4+ 32. Kf2 Qf4+
33. Kg2 Qe4+ 34. Kf2 Qf4+ 35. Kg2 Qe4+ 1/2-1/2

[Event "L'Open de l'Ouest Toulousain"]
[Site "Villeneuve-Tolosane"]
[Date "2006.03.02"]
[Round "6.5"]
[White "Fedorchuk, Sergey A"]
[Black "Colin, Vincent"]
[Result "1-0"]
[WhiteElo "2590"]
[BlackElo "2374"]
[PlyCount "115"]
[EventDate "2006.??.??"]

1. e4 c5 2. Nf3 g6 3. Nc3 Bg7 4. h4 h5 5. Bc4 Nc6 6. d3 d6 7. Ng5 e6 8. Bb3 Nd4
9. Ne2 Nxb3 10. axb3 Nf6 11. Bd2 O-O 12. b4 Ng4 13. bxc5 dxc5 14. Bc3 e5 15.
Ng3 Bh6 16. Qe2 f6 17. Nh3 f5 18. exf5 Bxf5 19. Nxf5 Rxf5 20. g3 Qd6 21. O-O a6
22. Qe4 Ra7 23. Ra5 Nf6 24. Qc4+ Qd5 25. Rxc5 Qxc4 26. Rxc4 b5 27. Rc8+ Kf7 28.
Re1 Ng4 29. Rc6 a5 30. Rc5 b4 31. Bxe5 Bf8 32. Rc7+ Rxc7 33. Bxc7 Rc5 34. Ng5+
Kg8 35. Bb6 Rxc2 36. Re6 Bc5 37. Rxg6+ Kh8 38. Bxc5 Rxc5 39. Ne4 Rc2 40. Rg5 a4
41. Rxh5+ Kg7 42. Rg5+ Kf8 43. Ra5 a3 44. bxa3 b3 45. Rb5 b2 46. Kg2 Ne3+ 47.
Kf3 Nd1 48. a4 Rc1 49. Nd2 Rc2 50. Nc4 Rxf2+ 51. Kg4 Rc2 52. Kg5 Rg2 53. g4 Nf2
54. Rxb2 Rxg4+ 55. Kf5 Rg2 56. a5 Ke7 57. a6 Rg8 58. Rb7+ 1-0

[Event "L'Open de l'Ouest Toulousain"]
[Site "Villeneuve-Tolosane"]
[Date "2006.03.02"]
[Round "6.7"]
[White "Bijaoui, Manuel"]
[Black "Manolache, Marius"]
[Result "0-1"]
[WhiteElo "2355"]
[BlackElo "2488"]
[PlyCount "82"]
[EventDate "2006.??.??"]

1. d4 Nf6 2. c4 g6 3. Nc3 Bg7 4. e4 O-O 5. Nf3 c6 6. Bd3 d6 7. h3 Nbd7 8. O-O
e5 9. Re1 Nh5 10. Bf1 Re8 11. d5 c5 12. a3 Nf8 13. b4 b6 14. Rb1 h6 15. bxc5
bxc5 16. Qa4 a5 17. Qc6 Ra6 18. Qb5 Nd7 19. Bd2 Rf8 20. Qa4 f5 21. Qd1 f4 22.
Rb5 g5 23. Be2 Nhf6 24. Nh2 Qe8 25. g4 fxg3 26. fxg3 Qg6 27. Bf3 Nb6 28. Qb3 a4
29. Qa2 Bxh3 30. Reb1 g4 31. Bh1 Nfd7 32. Be3 h5 33. Bg2 Bh6 34. Bxh6 Qxh6 35.
Re1 Bxg2 36. Kxg2 Raa8 37. Nd1 Qc1 38. Qe2 Qxc4 39. Qe3 Qxb5 40. Qg5+ Kf7 41.
Rf1+ Ke8 0-1

[Event "L'Open de l'Ouest Toulousain"]
[Site "Villeneuve-Tolosane"]
[Date "2006.03.02"]
[Round "6.8"]
[White "Okhotnik, Vladimir"]
[Black "Troubat, Michael"]
[Result "1-0"]
[WhiteElo "2470"]
[BlackElo "2097"]
[PlyCount "103"]
[EventDate "2006.??.??"]

1. e4 e6 2. d4 d5 3. exd5 exd5 4. c4 Nf6 5. Nc3 Bb4 6. Bd3 O-O 7. Nge2 Re8 8.
O-O c6 9. Bg5 Bd6 10. Ng3 dxc4 11. Bxc4 Be6 12. Bxe6 Rxe6 13. d5 cxd5 14. Nxd5
Be7 15. Nxf6+ gxf6 16. Bd2 Qd3 17. Rc1 Nc6 18. Rc3 Qd5 19. Nh5 Re4 20. Rg3+ Kh8
21. Bh6 Qxd1 22. Bg7+ Kg8 23. Rxd1 f5 24. Nf6+ Bxf6 25. Bxf6+ Rg4 26. Rf3 Re8
27. h3 Rge4 28. Rg3+ Kf8 29. Rd7 R4e6 30. Bc3 R8e7 31. Rd5 f6 32. Rxf5 Kf7 33.
Rgf3 Ne5 34. Bxe5 Rxe5 35. Rxf6+ Ke8 36. Rf8+ Kd7 37. R8f7 Re1+ 38. Kh2 Rb1 39.
Rd3+ Ke8 40. Rxe7+ Kxe7 41. Rd2 Rc1 42. g4 Rc7 43. Kg3 Kf6 44. h4 h5 45. f3
hxg4 46. fxg4 Kg7 47. h5 Re7 48. Kh4 Kh7 49. Rd5 a6 50. a4 Rc7 51. Rd6 Kg7 52.
h6+ 1-0

[Event "L'Open de l'Ouest Toulousain"]
[Site "Villeneuve-Tolosane"]
[Date "2006.03.02"]
[Round "6.9"]
[White "Brochet, Philippe"]
[Black "Genov, Petar"]
[Result "1/2-1/2"]
[WhiteElo "2368"]
[BlackElo "2467"]
[PlyCount "38"]
[EventDate "2006.??.??"]

1. e4 c5 2. g3 d5 3. exd5 Qxd5 4. Nf3 Bg4 5. Bg2 Qe6+ 6. Kf1 Nc6 7. h3 Bxf3 8.
Bxf3 Nf6 9. d3 Qd7 10. Be3 e6 11. Nc3 Be7 12. a4 Nd4 13. Bg2 O-O 14. Kg1 Rac8
15. Kh2 Rfd8 16. a5 Nd5 17. Nxd5 exd5 18. a6 b6 19. c3 Ne6 1/2-1/2